Statistics for Physical Features in Western Europe Quiz

Click here to take the quiz!

General Stats

  • This quiz has been taken 25 times
    (9 since last reset)
  • The average score is 44 of 125

Answer Stats

Hint Answer % Correct
Island to the southSardinia
83%
Moutain range in France, Monaco, Switzerland, Germany, Italy, Liechtenstein, Austria, SloveniaAlps
83%
Paris's riverSeine
83%
Rhine
83%
London's riverThames
83%
Four major archipelagos in ScotlandInner Hebrides
83%
Outer Hebrides
83%
Como
83%
Largest lakes in ItalyGarda
67%
Largest lakes in SwitzerlandGeneva
67%
Longest river in ItalyPo
67%
Rome's riverTiber
67%
Frankfurt's riverMain
67%
The Vltava is a tributary of this riverElbe
67%
Largest islands in ItalySicily
67%
Largest Canary IslandsTenerife
67%
Largest island in FranceCorsica
67%
Mtn range forming most of the border between France and SwitzerlandJura
67%
River whose delta is the lowest point in FranceRhone
67%
Largest islands in MaltaMalta
67%
Antwerp's riverScheldt
67%
Main Dutch archipelagoFrisian Islands
67%
Largest "lakes" in the NetherlandsIJsselmeer
67%
Famous volcanically formed island in IcelandSurtsey
67%
Sea between Ireland and Great BritianIrish Sea
67%
Largest lake on IrelandLough Neagh
67%
Longest river in IrelandShannon
67%
Edinburgh's firthFirth of Forth
67%
Orkney
67%
Largest Balearic IslandsMajorca
50%
Dublin's riverLiffey
50%
Minorca
50%
Plateau in south-central FranceMassif Central
50%
River that goes through Bordeaux and Marseilles, sourced in the PyreneesGaronne
50%
Major Danube tributary sourced in the Alps and flows through the capital of TyrolInn
50%
Liverpool's riverMersey
50%
Skye
50%
Liege's riverMuese
50%
Largest islands in Scotland (Not including GB)Lewis and Harris
50%
Texel
50%
Shetland
50%
Gozo
50%
Ibiza
50%
Peninsula of Land's EndCornwall
50%
Isles near Land's EndIsles of Scilly
50%
Alderney, Herm, and Sark are in this archipelagoChannel Islands
50%
Longest rivers in GermanyDanube
50%
Main mtn range in ScotlandGrampian
50%
Largest island in the North Frisian IslandsSylt
33%
Berlin's riverSpree
33%
Porto's riverDouro
33%
Lisbon's riverTagus
33%
Mtn range on the northern coast of SpainCordillera de Cantabria
33%
Lanzarote
33%
Gran Canaria
33%
Constance
33%
Sourthern Spain's coastCosta del Sol
33%
Strait separating the twoBonifacio
33%
Volcano that erupted in 2010Eyjafjallajökull
33%
Regions annexed by France after WWIAlsace
33%
Mainland
33%
Largest Dutch islandsFlevoland
33%
Markermeer
33%
Largest lake in ScotlandLoch Lomond
33%
Sea between ^ and the mainladWadden Sea
33%
Amsterdam's riverAmstel
33%
Longest river entirely in France, flows through NantesLoire
33%
Mtn range in NE ItalyDolomites
33%
Lorraine
33%
Maggiore
33%
Lucerne
33%
Breton
33%
Neuchatel
17%
Mountain range running down the center of ItalyAppenines
17%
Sea between Corsica and GenoaLigurian
17%
Sea east of SardiniaTyrrhenian
17%
Largest lake in IrelandLough Corrib
17%
Lake that is the lowest point in AustriaNeusiedler See
17%
Bremen's riverWeser
17%
Mtns near DublinWicklow
17%
Extremely densely populated river valleyRuhr
17%
Elba
17%
Largest island in GermanyRugen
17%
Southernmost island in ItalyLampedusa
17%
Moutain range of ^Cumbrian Mountains
17%
Comino
17%
Two major peninsulas in FranceCotentin
17%
Canal connecting Gulf of Lyon to Toulouse and the Bay of BiscayMidi Canal
17%
Dijon's regionBurgundy
17%
River that goes through Metz, forms France-Luxembourg-Germany tripointMoselle
17%
Mull
17%
Islay
17%
Ardennes
17%
Mainland
17%
Highest point in EnglandScaffel Pike
17%
Fuertaventura
17%
Bay west of WalesCardigan
17%
Largest island entirely in WalesAnglesey
17%
Main forests in LuxembourgEifel
0%
River draining lake ComoAdda
0%
River flowing through VeronaAdige
0%
Waterford's riverSuir
0%
River that goes through Paris, has Chateau-ThierryMarne
0%
River north of Bordeaux, empties into the Gironde EstuaryDordogne
0%
Minho
0%
Highest alpine mountainMont Blanc
0%
Famous, triangularly shaped mountainMatterhorn
0%
River joining the Danube near MagdeburgSaale
0%
El Hierro
0%
La Gomera
0%
La Palma
0%
Flores
0%
Sao Jorge
0%
Pico
0%
Terceira
0%
Rivers forming Portugal-Spain-Atlantic Ocean tripointChanca
0%
Largest Azore islandsSao Miguel
0%
River of ZaragozaEbto
0%
Mtn range in southern SpainSierra Morena
0%
Region in far SW FranceGascony
0%
Region of Lille, Douai, and CalaisPicardy
0%
Strait between Northern Ireland and ScotlandNorth Channel
0%
Faial
0%

Score Distribution

Percentile by Number Answered

Percent of People with Each Score

Your Score History

You have not taken this quiz since the last reset